000 01194nam a22003377a 4500
003 CHAP
005 20220329143151.0
008 060925d2006 mx r 00110 spa d
010 _a92784
011 _a93756
035 _a104336
040 _cCHAP
090 _aTesis
100 1 _aJaimes Albíter, Camelia.
_960926
245 1 0 _aTratamiento pregerminativo a la semilla de nanche (Byrsonima crassifolia L.) y su efecto en la germinación
_c/por Camelia Jaimes Albíter
260 _aChapingo, Méx. :
_bEl autor,
_c2006.
300 _a44 h.
502 _aTesis (Ing. Agr. Esp. en Fitotecnia) - - UACH. Departamento de Fitotecnia
590 _aALEPH
_b10
_c20130110
_lUCH01
_h1514
590 _aBATCH-UPD
_b10
_c20130110
_lUCH01
_h1433
590 _aBATCH-UPD
_b10
_c20130410
_lUCH01
_h0909
590 _aBATCH-UPD
_b10
_c20130914
_lUCH01
_h0759
590 _aCONVERSION
_b10
_c20130109
_lUCH01
_h1351
650 1 4 _aByrsonima crassifolia.
_916508
650 1 4 _aSemillas
_xGerminación.
_9103903
901 _aBK
905 _aLilia
942 _cFOLL
949 _aTesis
_bBC
_cTES
_d00000001043361
_eTS1
_h45761
_i104336
_sb
949 _aTesis
_bBC
_cTES
_d33724000995288
_eTS2
_fc.2
_h45762
_i104336
_sb
999 _c92784
_d92784